书目信息 |
| 题名: |
当代中国科技进步与低碳社会构建
|
|
| 作者: | 薛建明 著 | |
| 分册: | ||
| 出版信息: | 北京 中国书籍出版社 2013.9 |
|
| 页数: | 284页 | |
| 开本: | 24cm | |
| 丛书名: | ||
| 单 册: | ||
| 中图分类: | N12 , F124.5 | |
| 科图分类: | ||
| 主题词: | 科技发展--成就--研究--中国 , 节能--经济发展--研究--中国 | |
| 电子资源: | ||
| ISBN: | 978-7-5068-3071-3 | |
| 000 | 00945nam0 2200277 450 | |
| 001 | 0400009496 | |
| 005 | 20171121092006.0 | |
| 010 | @a978-7-5068-3071-3@dCNY78.00 | |
| 100 | @a20130127d2013 em y0chiy50 ea | |
| 101 | 0 | @achi |
| 102 | @aCN@b110000 | |
| 105 | @ay z 000yy | |
| 106 | @ar | |
| 200 | 1 | @a当代中国科技进步与低碳社会构建@Adang dai zhong guo ke ji jin bu yu di tan she hui gou jian@f薛建明著 |
| 210 | @a北京@c中国书籍出版社@d2013.9 | |
| 215 | @a284页@d24cm | |
| 300 | @a中国书籍文库 | |
| 330 | @a本书是“中国书籍文库”系列之一。内容包括:建国前中国共产党科技观的形成及实践、建国初期中国科技事业的曲折发展及影响、“科技生产力”理论对中国科技事业的指导等。 | |
| 606 | 0 | @a科技发展@x成就@x研究@y中国 |
| 606 | 0 | @a节能@x经济发展@x研究@y中国 |
| 610 | 0 | @a低碳发展 |
| 690 | @aN12@v5 | |
| 690 | @aF124.5@v5 | |
| 701 | 0 | @a薛建明@Axue jian ming@4著 |
| 801 | 0 | @aCN@b上海新华@c20171121 |
| 905 | @b1029166-70@dN12@e125@f5 | |
| 当代中国科技进步与低碳社会构建/薛建明著.-北京:中国书籍出版社,2013.9 |
| 284页;24cm |
| 中国书籍文库 |
| ISBN 978-7-5068-3071-3:CNY78.00 |
| 本书是“中国书籍文库”系列之一。内容包括:建国前中国共产党科技观的形成及实践、建国初期中国科技事业的曲折发展及影响、“科技生产力”理论对中国科技事业的指导等。 |
| ● |
| 相关链接 |
|
|
|
|
正题名:当代中国科技进步与低碳社会构建
索取号:N12/125
 
预约/预借
| 序号 | 登录号 | 条形码 | 馆藏地/架位号 | 状态 | 备注 |
| 1 | 1029166 | 210291664 | 第二样本阅览室/ [索取号:N12/125] | 在馆 | |
| 2 | 1029167 | 210291673 | 第三借阅区/ [索取号:N12/125] | 在馆 | |
| 3 | 1029168 | 210291682 | 第三借阅区/ [索取号:N12/125] | 在馆 | |
| 4 | 1029169 | 210291691 | 第三借阅区/ [索取号:N12/125] | 在馆 | |
| 5 | 1029170 | 210291708 | 物理系资料室/ [索取号:N12/125] | 在馆 |